Private investement : the key to international industrial development

Saved in:
Bibliographic Details
Corporate Author: International industrial development conference San Francisco
Other Authors: Daniel, James (Editor)
Format: Conference Proceeding Book
Language:English
Published: New York : McGraw-Hill, c1958
Subjects:
Tags: Add Tag
No Tags, Be the first to tag this record!

MARC

LEADER 00000nam a2200000 i 4500
001 1/69595
008 990216s1958 eng d
035 |l 10047877 
040 |a GR-MY-UA  |b gre  |e aacr 
041 0 |a eng 
082 0 |a 332.67314 
111 2 |a International industrial development conference  |d October 14-18, 1957  |c San Francisco. 
245 1 0 |a Private investement :  |b the key to international industrial development /  |c edited by: James Daniel 
260 |a New York :   |b McGraw-Hill,   |c c1958 
300 |a xi, 282 p. 
500 |a A report of the San Franisco Conference October 14-18, 1957 sponsored by TIME-LIFE International and Stanford Research Institute 
650 0 0 |a Investments, Foreign  |x Congresses. 
650 0 0 |a Investments, Foreign  |z Developing countries  |x Congresses. 
650 0 0 |a Economic development  |x Congresses. 
700 1 |a Daniel, James.  |4 edt 
852 |a INST  |b CHIOS  |e 19990216  |h 332.67314 PRI  |p 005200014853  |q 005200014853  |t BK  |y 0 
901 |a BIBL-1999-1 
909 |a Χ  |b 055382 
922 |a 2ΔΩΡ  |b 199902  |d ΛΕΜΟΝΙΑ